000
00297nam a22001337a 4500
020
_a
978-8173811555
041
_a
ENG
100
_a
Sen.G.C
245
_a
Principles Of Machine Tools
260
_a
India
_b
New Central Book Agency
_c
1998
300
_a
954
650
_a
FMP
856
_u
FMP ( 04 )
999
_c
1445
_d
1445